Statistics for Capital Cities With Population Over 5 Million

Click here to take the quiz!

General Stats

  • This quiz has been taken 47 times
  • The average score is 18 of 21

Answer Stats

Pop(mill)Answer% Correct
20.6Beijing
100%
13.2Tokyo
100%
10.2Jakarta
96%
10.2Cairo
93%
8.6London
93%
11.5Moscow
93%
16.7New Delhi
93%
12.9Manila
91%
8.4Lima
89%
8.8Tehran
89%
8.2Bangkok
87%
8.9Dhaka
87%
8.8Mexico City
87%
10Seoul
87%
7.6Bogota
85%
7.5Hanoi
83%
5.5Singapore
78%
5Santiago
76%
10.1Kinshasa
72%
5.1Ankara
70%
7.2Baghdad
57%

Score Distribution

Percentile by Number Answered

Percent of People with Each Score

Your Score History

You have not taken this quiz